Cultura empresarial en América Latina /

El libro Cultura empresarial en América Latina es el sexto título de la Colección DICE. Aquí se presentan capítulos relacionados con el análisis de la calidad de vida del empresario en países como Barbados, Colombia, Jamaica, Surinam y Trinidad y Tobago; el análisis del perfil de los empresa...

詳細記述

保存先:
書誌詳細
その他の著者: Moreno Barragán, Jhon Alexande (編集者), Varela Villegas, Rodrigo (編集者)
フォーマット: eBook
言語:スペイン語
出版事項: Cali : Editorial Universidad Icesi, 2018.
シリーズ:Colección DICE .Desarrollo. Innovación y Cultura Empresarial. Volumen ; 6.
主題:
オンライン・アクセス:https://elibro.unach.elogim.com/es/lc/unach/titulos/120379
タグ: タグ追加
タグなし, このレコードへの初めてのタグを付けませんか!

MARC

LEADER 00000nam a2200000 i 4500
001 ELB120379
003 FINmELB
005 20210622101111.0
006 m o d |
007 cr cnu||||||||
008 210622s2018 sp ob 000 0 spa d
020 |a 9781512973884  |q (e-book) 
020 |z 9789588936376 
040 |a FINmELB  |b spa  |e rda  |c FINmELB 
050 4 |a HB615  |b .C858 2018 
080 |a 658 
082 0 4 |a 305.554  |2 23 
245 0 0 |a Cultura empresarial en América Latina /  |c Rodrigo Varela Villegas, Jhon Alexander Moreno Barragán, editores. 
264 1 |a Cali :  |b Editorial Universidad Icesi,  |c 2018. 
300 |a 1 recurso en línea (171 páginas) 
336 |a texto  |b txt  |2 rdacontent/spa 
337 |a computadora  |b c  |2 rdamedia/spa 
338 |a recurso en línea  |b cr  |2 rdacarrier/spa 
490 1 |a Colección DICE .Desarrollo ;  |v Innovación y Cultura Empresarial. Volumen ;  |v 6 
504 |a Incluye referencias. 
505 0 |a PÁGINA LEGAL -- CONTENIDO -- PRESENTACIÓN -- CALIDAD DE VIDA DEL EMPRESARIO EN LA REGIÓN (...) -- RESUMEN -- ANTECEDENTES -- MARCO TEÓRICO -- MARCO METODOLÓGICO -- ANÁLISIS DE RESULTADOS -- CONCLUSIONES -- PERFIL DE LOS EMPRESARIOS COLOMBIANOS: ESTUDIO DE LA TUBERÍA EMPRESARIAL (...) -- RESUMEN -- ANTECEDENTES -- PROPÓSITO Y ALCANCE DE LA INVESTIGACIÓN -- METODOLOGÍA -- RESULTADOS -- CONCLUSIONES -- BIBLIOGRAFÍA -- CRITERIOS PARA LA CLASIFICACIÓN DEL DENOMINADO SECTOR DEL TRABAJO POR CUENTA (...) -- RESUMEN -- INTRODUCCIÓN -- ECONOMÍA INFORMAL, TRABAJO POR CUENTA PROPIA Y (...) -- EL DENOMINADO SECTOR DEL TRABAJO POR CUENTA PROPIA EN CUBA: EL CASO DE LA (...) -- CARACTERIZACIÓN GENERAL DEL SECTOR DEL TRABAJO POR CUENTA PROPIA EN CUBA: EL (...) -- PROPUESTA DE CLASIFICACIÓN PARA LOS ACTORES DEL DENOMINADO TRABAJO POR CUENTA (...) -- REFLEXIONES FINALES -- BIBLIOGRAFÍA -- ANÁLISIS LONGITUDINAL DE LAS RELACIONES ENTRE ALGUNAS VARIABLES Y EL DESARROLLO (...) -- RESUMEN -- PLANTEAMIENTO DEL PROBLEMA -- PREGUNTAS Y OBJETIVOS DE INVESTIGACIÓN -- HIPÓTESIS DEL ESTUDIO -- MARCO CONCEPTUAL -- MARCO METODOLÓGICO -- RESULTADOS -- CONCLUSIONES -- LIMITACIONES -- FUTURAS LÍNEAS DE INVESTIGACIÓN -- REFERENCIAS -- MODELO DE VALIDACIÓN DEL NIVEL DE MADUREZ Y DEL POTENCIAL DE CRECIMIENTO DE LOS (...) -- RESUMEN -- INTRODUCCIÓN -- CONTEXTO -- EL PROBLEMA -- OBJETIVOS -- CONCEPTOS METODOLÓGICOS -- MODELO DE VALIDACIÓN DEL NIVEL DE MADUREZ Y POTENCIAL DE (...) -- PRUEBA DE HIPÓTESIS -- CONCLUSIONES -- BIBLIOGRAFÍA -- ANÁLISIS DEL IMPACTO DE LA CONSTRUCCIÓN DE PROTOTIPOS PARA VALIDAR IDEAS DE (...) -- RESUMEN -- ANTECEDENTES -- PROPÓSITO DE LA INVESTIGACIÓN -- MARCO CONCEPTUAL -- DESARROLLO METODOLÓGICO -- ANÁLISIS DE RESULTADOS -- CONCLUSIONES -- BIBLIOGRAFÍA. 
520 |a El libro Cultura empresarial en América Latina es el sexto título de la Colección DICE. Aquí se presentan capítulos relacionados con el análisis de la calidad de vida del empresario en países como Barbados, Colombia, Jamaica, Surinam y Trinidad y Tobago; el análisis del perfil de los empresarios colombianos a través del modelo de Tubería Empresarial; el análisis longitudinal de la relación existente entre autoeficacia, optimismo, locus de control y estilos de aprendizaje en un programa de formación empresarial; el análisis del concepto del trabajador por cuenta propia en el contexto empresarial de Cuba; la presentación de un modelo para validar el nivel de madurez y potencial de crecimiento de las empresas en etapa de gestación; y la introducción a herramientas novedosas para el prototipado de soluciones empresariales de base tecnológica. 
588 |a Descripción basada en metadatos suministrados por el editor y otras fuentes. 
590 |a Recurso electrónico. Santa Fe, Arg.: elibro, 2021. Disponible vía World Wide Web. El acceso puede estar limitado para las bibliotecas afiliadas a elibro. 
650 4 |a Creación de empresa. 
650 0 |a Entrepreneurship. 
650 0 |a Corporate culture. 
650 0 |a Business development companies. 
650 4 |a Emprendimiento. 
650 4 |a Desarrollo empresarial. 
650 4 |a Cultura empresarial. 
655 4 |a Libros electrónicos. 
700 1 |a Moreno Barragán, Jhon Alexande,  |e editor. 
700 1 |a Varela Villegas, Rodrigo,  |e editor. 
797 2 |a elibro, Corp. 
830 0 |a Colección DICE .Desarrollo. Innovación y Cultura Empresarial. Volumen ;  |v 6. 
856 4 0 |u https://elibro.unach.elogim.com/es/lc/unach/titulos/120379 
035 \ \ |a (OCoLC)1261027716